000 00445nam a2200181Ia 4500
005 20240823011903.0
008 240823s9999||||xx |||||||||||||| ||und||
041 _aENGLISH
082 _A004.21 P2
100 _a"Hawryszkiewycz,Igor"
245 0 _aSystems Analysis and Design
250 _a4th
260 _c2002
_b"PHI,New Delhi"
500 _aTRANSFERED
650 _aSystem Analysis
_bComputer Science
942 _cBK
999 _c162835
_d162835